000 00929cam a22001934a 4500
005 20250605164336.0
008 250528s ||||||||||||||||||||||||d
035 _a23459
040 _aGR-AtMCL
_bgre
_dGR-AtMCL
_eAACR2
245 1 _aFamily Dynamics./How Men Construct Masculinity and Position Themselves Within the Family.
260 _c2015
300 _a116
520 _aIntroductiom, Methodology, Design, Materials, Participants, Procedure, Analysis, Dynamic Standing of Masculinity, Family: Widespread Beliefs about Masculinity, Blurred Distinction Between the Roles in the Family, Readjustment of the New Sense of Fatherhood, Interview Schedule, Combined Spider Graph, Table 1Q Combined Spider Graph, Interviews, Briefing, Consent Form PDP, Conclusion, References, Appendix.
700 1 _aKalavrytinou Maria - Eleni
_99027
700 1 _aLouka Penelope
_99017
942 _cDS
999 _c8469
_d8469